UBT Library

Writers INC : (Record no. 45207)

000 -LEADER
fixed length control field 00677cam a2200217 a 4500
001 - CONTROL NUMBER
control field 4475805
005 - DATE AND TIME OF LATEST TRANSACTION
control field 20180316043814.0
008 - FIXED-LENGTH DATA ELEMENTS--GENERAL INFORMATION
fixed length control field 960205s1996 maua f 001 0 eng
010 ## - LIBRARY OF CONGRESS CONTROL NUMBER
LC control number 96110683
020 ## - INTERNATIONAL STANDARD BOOK NUMBER
International Standard Book Number 0669388130
040 ## - CATALOGING SOURCE
Original cataloging agency DLC
Transcribing agency DLC
Modifying agency DLC
041 ## - LANGUAGE CODE
Language code of text/sound track or separate title eng
080 ## - UNIVERSAL DECIMAL CLASSIFICATION NUMBER
Universal Decimal Classification number 808.042 pat
082 00 - DEWEY DECIMAL CLASSIFICATION NUMBER
Classification number 808/.042 pat
Edition number 20
100 1# - Rafti
Rafti 25
101 ## - Shkurtesa
Shkurtesa 25
245 10 - TITLE STATEMENT
Title Writers INC :
Statement of responsibility, etc written and compiled by Patrick Sebranek, Verne Meyer, and Dave Kemper.
906 ## - LOCAL DATA ELEMENT F, LDF (RLIN)
a 7
b cbc
c orignew
d 2
e ncip
f 19
g y-gencatlg
942 ## - ADDED ENTRY ELEMENTS (KOHA)
Source of classification or shelving scheme
Item type Books
Holdings
Withdrawn status Lost status Source of classification or shelving scheme Damaged status Not for loan Collection code Permanent location Current location Shelving location Date acquired Total Checkouts Full call number Barcode Date last seen Price effective from Koha item type
          Koleksioni i përgjithshem UBT - Lipjan UBT - Lipjan Koleksioni i përgjithshem 03/16/2018   808/.042 pat 002-3002214 03/16/2018 03/16/2018 Books
UBT Library © 2015-2024. All rights reserved University Education for Business and Technology